Management of Regional Consumption

Demonštrácia možností zníženia disparít v spotrebe medzi regiónmi, použitím individuálnej dane z príjmu. Využitie van Hagenovho modelu optimalizácie rozptylu spotreby.

Salvato in:
Dettagli Bibliografici
Autore principale: Ivaničová, Zlatica
Altri autori: Rublíková, Eva
Natura: Capitolo di libro
Lingua:inglese
Soggetti:
Tags: Aggiungi Tag
Nessun Tag, puoi essere il primo ad aggiungerne!!

MARC

LEADER 00000naa a2200000 4500
001 0192629
005 20240502083446.9
041 0 |a eng 
044 |a RS 
245 1 0 |a Management of Regional Consumption  |c Zlatica Ivaničová, Eva Rublíková 
520 |a Demonštrácia možností zníženia disparít v spotrebe medzi regiónmi, použitím individuálnej dane z príjmu. Využitie van Hagenovho modelu optimalizácie rozptylu spotreby. 
610 2 0 |a dane 
610 2 0 |a dôchodok hrubý 
610 2 0 |a spotreba 
610 2 0 |a rovnováha 
610 2 0 |a politika fiškálna 
610 2 0 |a diverzifikácia 
610 2 0 |a riziko 
100 1 |a Ivaničová, Zlatica 
700 1 |a Rublíková, Eva